| 000 | 01746cam a22002174a 4500 | ||
|---|---|---|---|
| 005 | 20250605164108.0 | ||
| 008 | 250528s ||||||||||||||||||||||||d | ||
| 035 | _a17804 | ||
| 020 | _a9781557668745 | ||
| 040 |
_aGR-AtMCL _bgre _dGR-AtMCL _eAACR2 |
||
| 245 | 1 | _aSpeech and Language Development and Intervention / In Down Syndrome and Fragile X Syndrome | |
| 260 |
_bPaul H. Brookes Publishing Co, _c2008 |
||
| 300 | _a306 | ||
| 520 | _aThis book clarifies the distinct speech and language issues associated with each disorder and helps readers conduct individualized assessment and intervention. Foreword, Preface, Acknowledgements, Identification and Development in Down Syndrome and Fragile X Syndrome, Etiology and Diagnosis and Development in Down Syndrome, Etiology and Diagnosis and Development in X Syndrome, Speech and Language Profiles in Down Syndrome and Fragile X Syndrome: Assessment and Intervention Implications, Communication and Language Development in Infants and Toddlers with Down Syndrome or Fragile X Syndrome, Language and Preschool and School-Age Children with Down Syndrome and Fragile X Syndrome, Language Profiles of Adolescents and Young Adults with Down Syndrome and Fragile X Syndrome, Phonological Characteristics of Children with Down Syndrome and Fragile X Syndrome, Interventions for Individuals with Down Syndrome and Fragile X Syndrome, Language Intervention to Encourage Complex Language Use: A Clinical Perspective, Increasing Speech Intelligibility in Down Syndrome and Fragile X Syndrome, Professional Organizations, Index. | ||
| 700 | 1 |
_aChapman Robin S _94062 |
|
| 700 | 1 |
_aRoberts Joanne E _94063 |
|
| 700 | 1 |
_aWarren Steven F _94064 |
|
| 942 | _cBK | ||
| 999 |
_c3204 _d3204 |
||